Vývoj slovenskej ekonomiky v roku 2007 a vybrané výsledky prognózy jej vývoja v roku 2008
Analýza vývojových tendencií vybraných makroekonomických ukazovateľov ekonomiky SR v roku 2007 a na začiatku roka 2008. Vnútropolitické aspekty a rizikové oblasti ekonomického vývoja. Očakávaný vývoj daných ukazovateľov v roku 2008 s výhľadom do roku 2011.
Salvato in:
| Autore principale: | |
|---|---|
| Altri autori: | |
| Natura: | Capitolo di libro |
| Lingua: | slovacco |
| Soggetti: | |
| Tags: |
Nessun Tag, puoi essere il primo ad aggiungerne!!
|
MARC
| LEADER | 00000naa$a2200000$$$4500 | ||
|---|---|---|---|
| 001 | 0088376 | ||
| 005 | 20220713124514.5 | ||
| 041 | 0 | |a slo | |
| 044 | |a SK | ||
| 245 | 1 | 0 | |a Vývoj slovenskej ekonomiky v roku 2007 a vybrané výsledky prognózy jej vývoja v roku 2008 |c Ján Haluška, Michal Olexa |
| 520 | |a Analýza vývojových tendencií vybraných makroekonomických ukazovateľov ekonomiky SR v roku 2007 a na začiatku roka 2008. Vnútropolitické aspekty a rizikové oblasti ekonomického vývoja. Očakávaný vývoj daných ukazovateľov v roku 2008 s výhľadom do roku 2011. | ||
| 610 | 2 | 0 | |a vývoj hospodársky |
| 610 | 2 | 0 | |a prognózy hospodárske |
| 610 | 2 | 0 | |a indexy |
| 610 | 2 | 0 | |a ukazovatele makroekonomické |
| 610 | 2 | 0 | |a produkt národný hrubý |
| 610 | 2 | 0 | |a Slovensko |
| 100 | 1 | |a Haluška, Ján | |
| 700 | 1 | |a Olexa, Michal | |